| 000 | 00680nam a2200181Ia 4500 | ||
|---|---|---|---|
| 008 | 151202s9999||||xx |||||||||||||| ||und|| | ||
| 082 | _bPNVM-37666 | ||
| 100 | _aकुसुमाग्रज (शिरवाडकर वि.वा.). | ||
| 245 | _aप्रतिसाद. | ||
| 260 | _b"चेतश्री प्रकाशन, अमळनेर." | ||
| 260 | _c1988 | ||
| 300 | _a124 | ||
| 600 | _aकुसुमाग्रज (शिरवाडकर वि.वा.). | ||
| 630 | _aप्रतिसाद. | ||
| 700 | _aकुसुमाग्रज (शिरवाडकर वि.वा.). | ||
| 730 | _aप्रतिसाद. | ||
| 942 | _cBOOK | ||
| 999 |
_c1303618 _d1303615 |
||